Open Data Biblioteca Nacional de Portugal


República Portuguesa: Ministério da Cultura
Biblioteca Nacional de Portugal

Catálogo da BNP: acesso por Identificadores Unívocos
Registos Bibliográficos associados ao registo de autoridade

Etiqueta de registo: 00703cam 2200241 450
001 1085636
003 http://id.bnportugal.gov.pt/bib/catbnp/1085636
005 20020617145600.0
095 ## $aPTBN00797751
100 ## $a19960226g15981628k y0pory0103 ba
101 1# $aale$clat
102 ## $aDE
200 1# $a[India Orientalis]
210 #9 $aFrancfort$cWolffgangus Rahter et Joannes Israel de Bry,$d1598-1628
215 ## $a12 partes em 4 vols.$d2
321 1# $aBM [STC ger] 159
321 1# $aNUC NB 901026
700 #1 $aBry,$bTheodor de,$f1528-1598$3617410
702 #1 $aBry,$bJohann Israel,$fca 1565?-1609$4610$3108791
702 #1 $aRichter,$bWolfgang,$ffl. 1596-1626$4610$31404125
801 #0 $aPT$bBN$gRPC
930 ## $lBN$mAG$dH.G. 2612-2615 A.
930 ## $lBN$mAG$dH.G. 2616-2618 A.
997 ## $aBIBEOD

Etiqueta de registo: 02790cam 2200445 450
001 716515
003 http://id.bnportugal.gov.pt/bib/catbnp/716515
005 19990607131800.0
095 ## $aPTBN00503600
100 ## $a19931026g15981629k y0pory0103 ba
101 1# $alat$cger
102 ## $aDX
105 ## $aa z 000yy
106 ## $ar
200 1# $aRegnum Congo hoc est Vera descriptio regni Africani, quod tam ab incolis quam Lusitanis Congus appellatur$fper Philippum Pigafettam, olim ex Edoardi Lopez acroamatis lingua Italica excerpta$gnunc Latio sermone donata ab August. Cassiod. Reinio. Iconibus & imaginibus rerum memorabilium quasi viuis, opera & industria Ioan. Theodori & Ioan. Israelis de Bry fratrum, &c. exornata
210 #9 $aFrancofurti$cexcudebat Wolffgangus Richter$cimpensis Io. Theo. & Io. Israel. de Bry, frat.,$d1598-1628
215 ## $a12 partes e 1 supl.$cil., mapas$d2º (32 cm)
303 ## $aCada parte com tít. e pé de imprensa próprios
303 ## $aDescrição das partes 8 e 12 segundo bibliogr.
307 ## $aFrontispício rodeando título gravado por Johann Theodor de Bry
316 ## $aColeção enc. em 4 vols., a que faltam as partes 8 e 12$5PTBN: RES. 500-503 A.
317 ## $aProv.: Comissão Nacional para as Comemorações dos Descobrimentos Portugueses$5PTBN: RES. 2998 A.
321 1# $aBarbosa Machado 1, 733
321 1# $aBrunet 1, 1334
321 1# $aBM [STC GER] 159
321 1# $aICCU IT\ICCU\UBOE\002570
321 1# $aBnF FRBNF31110664
321 1# $aUniversidad de Salamanca - Biblioteca Histórica
327 11 $a[Pt. 1]. - 1598. - [8], 60, [8] ; [2] p., 14, [1 br.] f., [2] mapas desdobr.: il. - Assin.: )(//4, A-G//4, H//6 ; Aa-Dd//4. - Contém, com f. de rosto e paginação próprias, mas pé de imprensa idêntico: Icones quibus ad maiorem lectoris recreationem primus lusitanorum cum rege congressus, incolarum arma et instrumenta bellica, vestes tam foemineae quam viriles, & aliquorum animalium formae, quasi ad viuumm proponuntur / in aes incisae per Johannem Theodorum & Johannem Israelem de Bry, fratres & ciues Francofortenses ; [Pt. 2]: II Pars Indiae Orientalis, in qua Iohan. Hugonis Lintscotani Nauigatio in Orientem, item regna, littora, portus... deinde superioribus Germanis Germanice, & nunc Latinis item auribus Latine vtcunque; reddita enunciauit Teucrides Annaeus Lonicerus Priuatus, ciuis Francofordiensis... Addita sunt passim D. Paludani Annotationes: item icones artificiose in aere facta per Ioh. Theodorum, & Ioh. Israelem de Bry, fratres... - Francfordii : ex Officina Wolffangi Richteri, 1599. - [12], 114, [6] p., [1], XXXVIII f., desdobr. : il. - Assin.: (:)//6, A-O//4, P//2; A-K//4. - Contém, com f. de rosto e paginação próprias: Icones vivae, verae et genuinae nationum, gentiumque omnium... - Francoforti : excudebat Wolffangus Richter : impensis Ioannis Theodori, & Ioannisd Israelis de Bry, fratrum, 1599 ; [Pt 3]: Tertia pars Indiae Orientalis: qua continentur I. Secunda pars nauigationum à Ioanne Hugone Lintschotano... in Orientem susceptarum; & maximè situs illarum regionum, & in his insularum, fluminum, riparum, portuum, &c. tum in transitu, tum ipsa India sitorum... II. Nauigatio Hollandorum in insulas Orientales, Iauan & Sumatram... III. Tres nauigationes Hollandorum in modò dictam Indiam per Septentrionalem seu glacialem Oceanum... Fideli studio et opera de Germanico in Latinum translata Bilibaldo Strobaeo Silesio... - Francofurti : excudebat Matthaeus Beckerus, 1601. - [8], 170, [2] p., [10] mapas desdobr. ; [1], LVIII, [2] f.: il. - Assin.: **//4, A-V//4, X//6; a-h//4, i//2. k-q//4. - Contém, com f. de rosto e foliação próprias, mas pé de imprensa idêntico: Icones sive expressae et artifitiosae delineationes quarundam mapparum, locorum maritimorum, insularum, vrbium, & populorum... - No cólofon: Francofurti : imprimebat Matthaeus Beccker : sumptibus Ioan. Theodor. et Ioan. de Bry, fratrum, 1601 ; [Pt. 4]: Pars quarta Indiae Orientalis: qua primum varij Matthaeum generis Animalia, Fructus, Arbores... accuratè describuntur. Per Ioannem Hugonem Linschotanum... - Francofurti : apud Mathaeum Becker, 1601. - [8], 111, [1 br.] p.; [1], XXI f. il. - Assin.: (:)//4, A-O//4; a-d//4, e//6. - Contém, com f. de rosto e foliação próprias, mas pé de imprensa idêntico: Icones seu genuinae et expressae delineationes eorum omnium, quae in hac quarta Indiae orientalis descriptione singularia offeruntur... ; [Pt. 5]: Quinta pars Indiae Orientalis: Quâ continetur vera & accurata descriptio vniuersae nauigationis illius, quam Hollandi cum octonis nauibus in terras Orientales, praecipuè vero in Iauanas & Mollucanas insulas... - Francofurti : apud Mathaeum Becker, 1601. - [8], 60 p.; [1], XX, [1 br.] f.: il. - Assin.: )(//4, A-F//4, G//6; a-d//4, e//6. - Contém, com f. de rosto e foliação próprias, mas pé de imprensa idêntico: Icones artificiosae, verae et accuratae, praecipuarum insularum, ciuitatum, fluuiorum, populorum, et rerum... - [1], XX, [1 br.] f.: il. ; [Pt. 6]: Indiae Orientalis pars VI. Veram et historicam descriptionem auriferi regni Guineae, ad Africam pertinentis, quod alias littus de Mina vocant... Latinitate ex Germanico donata studio & opera M. Gotardi Arthus Dantiscani. - Francofurti ad Moenum : ex Officina Wolfgangi Richteri : sumptibus Iohan. Theodori & Iohan. Israel de Bry fratribus, 1604. - [8], 127, [1 br.] p.; [1], XXVI, [1 br.] f. il. - Assin.: )?(//4, A-Q//4; A-G//4. - Contém, com f. de rosto e foliação próprias: Icones seu verae et viuae repraesentationes omnium praecipuarum rerum, de quibus libro petractatum est... - Francoforti : ex Officina Typographica Wolffgangi Richteri, sumptibus Fratrum praedictorum, 1603 ; [Pt 7]: Indiae Orientalis pars septima, Nauigationes duas... Autore M. Gotardo Arthus Dantiscano... - Francofurti : typis Wolfgangi Richteri, 1606. - [4], 126, [2 br.] p.; [1], XXII f. il. - Assin.: (:)//2, A-Q//4; a-b//4, c-d//2, e-f//4, g//6. - Contém, com f. de rosto e foliação próprias, mas pé de imprensa idêntico: Icones, hoc est: verae variorum populorum et regum, ceremoniarum item... ; [Pt. 8]: Indiae Orientalis pars octaua nauigationes quinque, primam à Iacobo Naccio, ab anno 1600., vsque ad annum 1603. - Francofurti : in officina W. Richteri, 1607. - 114, [2] p.; [1], I-XII, [1], XIII, [1], XIV-XVIII, [1] f.: il. - Assin.: A-N//4, O//6; A-C//4, D-E//2, F//4, G//2. - Contém, com f. de rosto e foliação próprias: Icones seu genuinae et expressae delineationes omnium memorabilium, quae in hac octaua Indiae orientalis parte annotata sunt... ; [Pt. 9]: Indiae Orientalis pars IX. Historicam descriptionem nauigationis ab Hollandis & Selandis in Indiam Orientalem... Auctore M. Gotardo Arthusio Dantiscano.... - Francofurti : ex oficina Typographica Wolfgangi, 1612. - [4], 49, [2 br.] p.; 3, [1] p., XII f.: il. - Assin.: [ ]//2, A-E//4, F//6; a-b//4, c//6. - Contém, com f. de rosto e paginação próprias: Icones, omnia, quae memoratu maxime digna in hac nauigatione continentur... ; Supplementum nonae partis Indiae Orientalis... - Francofurti : typis viduae Matthiae Beckeri, 1613. - [2], 30 p.; [1], V f.; [2], 33-88 p., il. - Assin.: A-D//4; A//6; E-L//4. - Contém, com f. de rosto e paginação próprias: Icones seu imagines, praecipuas historias et res ab Hollandis... ; Colloquia latino-malaica, seu vulgaris quaedam loquendi fomulae, Latina, Malaica et Madagascarica linguis... Studio & opera M. Gotardi Arthusii Dantiscani ; [Pt. 10]: Indiae Orientalis pars X. Qua continetur, Historica relatio siue descriptio noui ad aquilonem transitus, supra terras americanas in Chinam... Auctore M. Gotardo Arthusio Dantiscano... - Francofurti : typis viduae Matthiae Beckeri, 1613. - 32 p., [20] f.: il. - Assin.: A-D//4; a//4. - Contém, com f. de rosto própria: Icones, seu tabulae chorographicae, situm et qualitatem regionum... ; [Pt. 11]: Indiae Orientalis pars undecima, quâ continetur I. Duarum nauigationum, quas jussu Emmanuellis Portugalliae Regis in Indiam Orientalem Ann. 1501. Dn. Americus Vesputius instituit, historia. II Vera atque hactenus inaudita Angli cujusdam, qui naue... in extremam Indiae Orientalis oram Cambajam vectus, ac naufragium ibidem passus, postea quàm plurimas nobis incognitas regiones amplissimasq[ue] urbes peragravit, inque iis multa lectu audituque jucunda obseruauit. III. Descriptio regionis Spitzbergae: additâ simul relatione injuriarum, quas Ann. 1613. alli piscatores ab Anglis perpessi sunt... - Oppenhemii : typis Hieronymi Galleri, 1619. - 62, [2 br.] p.; [1], X f. il. - Assin.: A-H//4; a-c//4. - Contém, com f. de rosto própria: Sequuntur verae et genuinae rerum praecipuarum...$aParte 12: Historiarum Orientalis Indiae tomus XII in tres libros distributus, quórum primus continet descriptiones... regnorum.. Orientalia Indiae. Secundus habet narrationes ab Anglis Batauisque... in... Oriente. - Francofurti : apud W. Fizzer, 1628. - 208 p.
500 10 $aIndiae Orientalis
517 1# $aIcones quibus ad maiorem lectoris recreationem primus lusitanorum cum rege congressus, incolarum arma et instrumenta bellica, vestes tam foemineae quam viriles, et aliquorum animalium formae, quasi ad vivumm proponuntur
517 1# $aIcones vivae, verae et genuinae nationum, gentiumque omnium...
517 1# $aIcones sive expressae et artifitiosae delineationes quarundam mapparum, locorum maritimorum, insularum, urbium, et populorum...
517 1# $aIcones sev genuinae et expressae delineationes eorum omnium, quae in hac quarta Indiae orientalis descriptione singularia offeruntur...
517 1# $aIcones artificiosae, verae et accuratae, praecipuarum insularum, ciuitatum, fluviorum, populorum, et rerum...
517 1# $aIcones sev verae et vivae repraesentationes omnium praecipuarum rerum, de quibus libro petractatum est...
517 1# $aIcones, hoc est verae variorum populorum et regum, ceremoniarum item...
517 1# $aIcones sev genuinae et expressae delineationes omnium memorabilium, quae in hac octava Indiae orientalis parte annotata sunt...
517 1# $aIcones, omnia, quae memoratu maxime digna in hac navigatione continentur...
517 1# $aIcones sev imagines, praecipuas historias et res ab Hollandis...
517 1# $aColloquia latino-malaica, sev vulgaris quaedam loquendi fomulae, Latina, Malaica et Madagascarica linguis...
517 1# $aIcones, sev tabulae chorographicae, situm et qualitatem regionum...
517 1# $aSequuntur verae et genuinae rerum praecipuarum...
517 1# $aHistoriarum Orientalis Indiae
620 ## $dFrancoforte
700 #1 $aLopes,$bDuarte,$ffl. 1578$396468
701 #1 $aLinschoten,$bJan Huygen van,$fca 1563-1611$4070$345361
702 #1 $aPigafetta,$bFilippo,$f1533-1604$4730$396470
702 #1 $aReina,$bCassiodoro de,$fca 1520-1594$4730$3971745
702 #1 $aStrobaeus,$bBilibaldus,$ffl. 1601$4730$31207178
702 #1 $aArthus,$bGothard,$f1570-1630$4730$3108794
702 #1 $aRichter,$bWolfgang,$ffl. 1596-1626$4610$31404125
702 #1 $aBry,$bJohann Israel,$fca 1565?-1609$4650$3108791
702 #1 $aBry,$bJohann-Theodor de,$f1561-1623650$4350$31942470
702 #1 $aGaller,$bHieronymus,$ffl. 1610-1627$4610$3108830
702 #1 $aBecker,$bMatthaeus,$ffl. 1599-1613$4610$3287241
702 #1 $aBecker,$bMatthaeus,$cviúva,$f1613 -1615 $4610$31207154
702 #1 $aGaller,$bHieronymus,$ffl. 1610-1627$4610$3108830
702 #1 $aFitzer,$bWilliam, $fca 1600-1671$4610$3667652
712 01 $aPortugal.$bComissão Nacional para as Comemorações dos Descobrimentos Portugueses$4390$331063
801 #0 $aPT$bBN$gRPC
856 40 $uhttp://purl.pt/33228
856 41 $uhttp://purl.pt/33228/service/media/cover/low
856 49 $uhttp://purl.pt/33228/service/media/pdf/res-500-a$qapplication/pdf
856 49 $uhttp://purl.pt/33228/service/media/pdf/res-501-a$qapplication/pdf
856 49 $uhttp://purl.pt/33228/service/media/pdf/res-502-a$qapplication/pdf
856 49 $uhttp://purl.pt/33228/service/media/pdf/res-503-a$qapplication/pdf
856 40 $2Cópia digital da pt. 8 disponível em Google Books$uhttps://www.google.pt/books/edition/Indiae_Orientalis_pars_octava/S0ppAAAAcAAJ?hl=pt-PT&gbpv=1&pg=PA1&printsec=frontcover
856 40 $2Cópia digital da pt. 12 disponível em Google Books$uhttps://books.google.pt/books?id=ZO-9qkOXWgoC&hl=pt-PT&pg=PP1#v=onepage&q&f=false
958 ## $aBND$bLivre$cDigitalizado$d1$ehttp://purl.pt/33228/service/media/cover/max
966 ## $dV. 1-4$lBN$mMICROF$nMicrofolme$sF. 5898
966 ## $dPt. 1-2$lBN$mRESIMP$sRES. 500 A.
966 ## $dPt. 3-4$lBN$mRESIMP$sRES. 501 A.
966 ## $dPt. 5-7$lBN$mRESIMP$sRES. 502 A.
966 ## $dPt. 9-Supl.-10-11$lBN$mRESIMP$nFolhas soltas. - Na parte 9, grav. colocadas no meio do texto$sRES. 503 A.
966 ## $dPt. 1$lBN$mRESIMP$sRES. 2998 A.$x3
976 ## $d20250123$rpmesqui

Etiqueta de registo: 00457nam 22001691i 450
001 1238725
003 http://id.bnportugal.gov.pt/bib/catbnp/1238725
100 ## $a20020702d1609 m y0pory0103 ba
101 0# $alat
102 ## $aDX
106 ## $ar
200 1# $aDispensatorium medicum, continens Institutionum pharmaceuticarum lib. V. De materia medica lib. III. Pharmacopoeam it idem, sive Antidotarium varium & absolutissimum. Auctore Joan. Renodaeo... Nunc cum triplice indice editum
210 #9 $aFrancofurti$cimpensis Joan. Theobaldi Schonuuetteri$cprelo Richteriano,$d1609
215 ## $a[64], 983, [41] p.$d8º (17 cm)
307 ## $aFrontispíciom calc. com portada arquitectónica
321 1# $aICCU$uhttp://opac.sbn.it/
620 ## $dFrankfurt
700 #1 $aRenou,$bJean de,$f1568-1620$31404123
702 #1 $aSchönwetter,$bJohann Theobald,$ffl. 1598?-1646$4650$3258590
702 #1 $aRichter,$bWolfgang,$ffl. 1596-1626$4610$31404125
801 #0 $aPT$bBN$gRPC
801 #1 $aFR$bJOUVE$gRPC
966 ## $lBN$mFGMON$sS.A. 9661 P.$x0
997 ## $aBIBEOD

Etiqueta de registo: 00513nam 22001571i 450
001 1212349
003 http://id.bnportugal.gov.pt/bib/catbnp/1212349
100 ## $a20020304d1610 m y0pory0103 ba
101 0# $alat
102 ## $aDX
105 ## $ay z 000yy
106 ## $ar
200 1# $aDies caniculares hoc est Colloquia tria et viginti physica, noua et penitus admiranda ac summa iucunditate concinnata$fper Simonem Maiolum episcopum Vulturariens$eQuibus pleraque naturae admiranda, quae aut in aethere fiunt, aut in Europa, ... quin etiam in ipso orbe nouo, & apud omnes antipodas sunt, item mirabilia arte hominum confecta recensentur, ordine, quem seq. pag. 3. indicabit
205 ## $aEditio noua, & caeteris auctior & correctior, collecta ex sacris literis...
210 #9 $aMoguntiae,$aHelenopoli$capud Ioh. Theobald. Schönvvetter,$d1608-1612
215 ## $a4 v.$d4º (25 cm)
303 ## $aDescrição integral da obra segundo bibliogr.
307 ## $aMolduras calcogr. nas f. de rosto
307 ## $aTexto emoldurado em esquadria de filete simples
321 ## $aICCU IT\ICCU\BVEE\037029
327 11 $a[V. 1]: Dies caniculares hoc est Colloquia tria et viginti physica, noua et penitus admiranda ac summa iucunditate concinnata / per Simonem Maiolum episcopum Vulturariens : Quibus pleraque naturae admiranda, quae aut in aethere fiunt, aut in Europa, ... quin etiam in ipso orbe nouo, & apud omnes antipodas sunt, item mirabilia arte hominum confecta recensentur, ordine, quem seq. pag. 3. indicabit. - Moguntiae : apud Ioh. Theobald. Schonvvetter, 1510 [i.e. 1610]. - [8], 1-184 p., f. 185-192, p. 193-558, [82] p. ; [V. 2]: Simonis Maioli... Colloquiorum, siue dierum canicularium tomus secundus : septem colloquiis physicis nouis ac penitus iucundis & admirandis, doctissimorumque virorum lucubrationibus hinc inde auctus & absolutus... Editio altera priori auctior & correctior... - Helenopoli : imp. Joh. Theo. Shönwetter poelo [sic] Richteriano, [1609?]. - [8], 545, [17] p. ; [V. 3]: Simonis Maioli... Colloquiorum, siue dierum canicularium continuatio, seu tomus tertius : quatuor colloquiis physicis nouis ac penitus iucundis & admirandis... absolutus... - Opus secundo editum & ita recensitum, vt prorsus nouum videri debeat... & nouo colloquio auctum. - Helenopoli, 1610. - [8], 329, [11] p. ; [V. 4]: Simonis Maioli... Colloquiorum, siue dierum canicularium continuatio, seu tomus quartus : Quinque colloquiis physicis nouis ac penitus iucundis & admirandis... / opera & studio m.G.D. - Opus nunc primo editum... - Helenopoli, 1612. - [6], 363 [i.e. 379], [1] p. - As iniciais "G.D." são relativas a Georg Draud.
620 ## $dMainz
620 ## $dFrankfurt
700 #1 $aMaiolo,$bSimeone,$f1520-1597?$374133
702 #1 $aDraud,$bGeorg,$f1573-1635$4340$31912410
702 #1 $aSchönwetter,$bJohann Theobald,$ffl. 1598?-1646$4610$3258590
702 #1 $aRichter,$bWolfgang,$ffl. 1596-1626$4610$31404125
801 #0 $aPT$bBN
801 #1 $aFR$bJOUVE
856 40 $2Cópia digital do vol. 1 disponível em Google Books$uhttps://books.google.pt/books?id=QitPO3F0I14C&hl=pt-PT&pg=PP7#v=onepage&q&f=false
856 40 $2Cópia digital do vol. 2 disponível em Google Books$uhttps://books.google.pt/books?id=RRpUwRt2KVcC&newbks=1&newbks_redir=0&dq=inauthor%3A%22Simone%20Majoli%22&hl=pt-PT&pg=PP1#v=onepage&q&f=false
856 40 $2Cópia digital do vol. 3 disponível em Google Books$uhttps://books.google.pt/books?id=8HgwAEAECCMC&newbks=1&newbks_redir=0&dq=Dies%20caniculares%20hoc%20est%20Colloquia%20tria%201610&hl=pt-PT&pg=PP1#v=onepage&q&f=false
856 40 $2Cópia digital do vol. 4 disponível em Google Books$uhttps://books.google.pt/books?id=pjW4CJ-sBx0C&hl=pt-PT&pg=PP3#v=onepage&q&f=false
966 ## $dV. 1$lBN$mFGMON$sS.A. 1175 A.$x0
976 ## $d20240404$rpmesqui
997 ## $aBIBEOD

OpendataBNP@bnportugal.pt | Mais informação sobre acesso aos dados BNP